Statistiques concernant Quel pokemon ?

Cliquez ici pour prendre le quiz!

Statistiques générales

  • Ce quiz a été pris 818 fois
  • Le résultat moyen est 10 sur 15

Statistiques - réponses

DescriptionPokemon% Correct
meilleur ami de SachaPikachu
100%
il faut une flûte pour le réveillerRonflex
91%
évolution de VoltorbeElectrode
90%
pokemon de début (starter) à Sinnoh de type feuOuisticram
86%
premier pokemon capturé par SachaChenipan
85%
pokemon YYveltal
84%
il a tout les typesArceus
83%
évolu en tygnon, kicklee ou kapoeraDébugant
75%
il a une forme diurne, nocturne et crépusculaireLougaroc
70%
il est constitué de cellulesZygarde
61%
Un serpent roseRosabyss
52%
plus lourd pokemon (avant la septième génération)Groudon
50%
il peut etre rougeLéviator
44%
premier pokemon inventéRhinoféros
43%
pokemon "bloqueur"M.Mime
20%

Distribution des résultats

Percentile par nombre de réponses

% des personnes avec chaque résultat

Votre développement - résultats

Vous n’avez pas pris ce quiz